000 00635nam a22002537a 4500
003 UA-OsUOA
001 23657
007 ta
008 20040127b un ||||| |||| 00| 0 ukr d
100 _aЗимбардо Филип
090 _a316.6
_bЗ-26
942 _cBK
040 _aUA-OsUOA
_brus
_cUA-OsUOA
_dUA-OsUOA
245 _aСоциальное влияние
_bМастера психологии
300 _a448 с.
955 _a0
041 _arus
080 _a316.6
020 _a5-8046-0172-5
260 _aСанкт-Петербург
_bПитер
_c2001
044 _aRU
650 7 _2UDC
999 _c309909
_d309909